00454nam a2200181 a 4500001001300000003000900013005001700022008004100039020001000080082001700090100002600107245002000133260003400153300000900187500003500196650001500231700002600246nice12345678IN_TiNIC20260116011824.0070709s0000 hyda grp 000 0 urd  ac10000a297.86bNAZ3 aNazir, Dawat-O-taligh aAqaid-O-taleemt aHyderabadbNo Publisherc0000 a144p aincludes index and biblioraphy aAhmadiyyah1 aNazir, Dawat-O-taligh